000 00680nam a2200241 a 4500
001 BRL_1696
005 20190320211328.0
008 270514s1983----sp-a######---#000-0#cat-#
020 _a8485709284
041 _acat
044 _asp
050 4 _aNK4124.C38
_b.C37 1983
100 1 _aCasanovas, Ma. Antònia
_927655
245 1 0 _aLa ceràmica catalana
_cMa. Antònia Casanovas.
260 _aBarcelona
_bLallar del Ilibre / Els Ilibres de la Frontera
_c1983
300 _a97 p.
_bil.
_c19 cm.
440 0 _aConeguem Cataluya
_v4
_927656
500 _aAu2133
504 _aBibliografía: p. 93-97.
650 1 4 _aCerámica catalana
_927657
902 _aGRL
942 _2lcc
_cB
999 _c10504
_d10504